[Event "GER M05-A email"]
[Site "GER email"]
[Date "2016.06.26"]
[Round "?"]
[White "Janisch, Manfred"]
[Black "Laurenc, Petr"]
[Result "1-0"]
[WhiteElo "2387"]
[BlackElo "2426"]
[PlyCount "174"]
[EventDate "2016.??.??"]
[EventType "tourn (corr)"]
[EventRounds "15"]
[EventCountry "GER"]
[SourceTitle "Corr 2020"]
[Source "ChessBase"]
[SourceDate "2019.09.30"]
[SourceVersion "1"]
[SourceVersionDate "2019.09.30"]
[SourceQuality "1"]

1. e4 e5 2. Nf3 Nc6 3. Bb5 a6 4. Ba4 Nf6 5. 0-0 Be7 6. Re1 b5 7. Bb3 d6 8. c3 0-0 9. h3 Na5 10. Bc2 c5 11. d4 Qc7 12. d5 Bd7 13. b3 g6 14. Bg5 Rfe8 15. Nbd2 Nb7 16. Bd3 c4 17. bxc4 Nc5 18. Bf1 Qd8 19. Bh6 Bf8 20. Bxf8 Rxf8 21. Re3 Kg7 22. Ne1 bxc4 23. Bxc4 Qc7 24. Bd3 Rfb8 25. Bc2 a5 26. Qc1 Bb5 27. Qa3 a4 28. Rb1 Ba6 29. Rb4 Ra7 30. Nef3 Nfd7 31. Kh2 h6 32. Re1 Rab7 33. Reb1 Be2 34. Ne1 Rb6 35. Qc1 R6b7 36. Qa3 Nb6 37. Nef3 Qc8 38. Ng1 Bd3 39. Qc1 Nbd7 40. Qd1 Rxb4 41. cxb4 Nxe4 42. Bxd3 Nc3 43. Qe1 Nxb1 44. Nxb1 Qb7 45. a3 Qxd5 46. Qe3 Qc6 47. Ne2 d5 48. f4 Re8 49. fxe5 Rxe5 50. Qf4 Qb6 51. Nbc3 Qe3 52. Bb5 Nb6 53. Qd4 Kf8 54. Nd1 Qxd4 55. Nxd4 f5 56. Kg3 g5 57. Kf3 f4 58. Nc2 Re7 59. Nc3 Rc7 60. Nxa4 Nxa4 61. Bxa4 Rc3+ 62. Ke2 Ke7 63. b5 Kd6 64. b6 Rc8 65. Nb4 Rb8 66. Bb3 Rxb6 67. Bxd5 Rb5 68. Bf3 Ra5 69. Nc2 Ra4 70. Kd2 Kc5 71. Kd3 Ra5 72. Ke4 Kd6 73. Kd4 Rc5 74. Kd3 Ke5 75. Nd4 Rc1 76. Nc2 Rg1 77. Kd2 Kd6 78. a4 Kc5 79. a5 Kb5 80. Nd4+ Kxa5 81. Nf5 h5 82. Nh6 Rb1 83. Kd3 Rb4 84. Bxh5 Kb5 85. Nf7 Kc5 86. Bg4 Kd5 87. Bf3+ Ke6 1-0

[Event "GER M05-A email"]
[Site "GER email"]
[Date "2016.06.26"]
[Round "?"]
[White "Laurenc, Petr"]
[Black "Betker, Joerg"]
[Result "1/2-1/2"]
[WhiteElo "2426"]
[BlackElo "2452"]
[PlyCount "38"]
[EventDate "2016.??.??"]
[EventType "tourn (corr)"]
[EventRounds "15"]
[EventCountry "GER"]
[SourceTitle "Corr 2017"]
[Source "ChessBase"]
[SourceDate "2017.09.19"]
[SourceVersion "1"]
[SourceVersionDate "2017.09.19"]
[SourceQuality "1"]

1. d4 Nf6 2. c4 g6 3. Nc3 Bg7 4. e4 d6 5. f3 0-0 6. Be3 c5 7. Nge2 Qa5 8. Nc1 cxd4 9. Nb3 Qh5 10. Nxd4 Nc6 11. Qd2 Nxd4 12. Bxd4 Be6 13. Be2 Qa5 14. Rc1 Rfc8 15. b3 a6 16. Be3 b5 17. Nd5 Qxd2+ 18. Kxd2 Nxd5 19. cxd5 Bd7 1/2-1/2